| 000 | 01164nam a2200277Ia 4500 | ||
|---|---|---|---|
| 003 | OSt | ||
| 005 | 20221005105238.0 | ||
| 006 | a|||||r|||| 00| 0 | ||
| 007 | ta | ||
| 008 | 221004b |||||||| |||| 00| 0 hin d | ||
| 020 |
_a978 81 250 5690 4 (hbk) _c1495 |
||
| 024 | _a23860 | ||
| 037 |
_b707, 13/11/2015, Selectbook Service Syndicate _cTextual |
||
| 040 |
_aCRL _cCRL _bhin |
||
| 041 |
_2hin _ahin |
||
| 082 | _aP.2t4, 152Q5.11,1 | ||
| 100 |
_aदेवी, गणेश एन., संपा. _9623879 |
||
| 245 | 0 | _aहिमाचल प्रदेश की भाषाएॅं | |
| 246 | _aHimāchal pradesh kī bhāṣhāeॅan | ||
| 260 |
_aनई दिल्ली _bओरियंट ब्लैकस्वॉन भारत _c2015 |
||
| 300 |
_a336पृ0 _ccm. |
||
| 490 |
_vखंड 11, भाग 1 _aभारतीय भाषा और लोक सर्वेक्षण |
||
| 650 | _aहिन्दी भाषा | ||
| 942 |
_hP.2t4, 152Q5.11,1 _cTEXL _2cc |
||
| 999 |
_c1015261 _d1015261 |
||